International Monetary Fund annual report 2007
Na minha lista:
| Formato: | Livro |
|---|---|
| Idioma: | inglês |
| Publicado em: |
Washington
International Monetary Fund
2007
|
| Assuntos: | |
| Tags: |
Sem tags, seja o primeiro a adicionar uma tag!
|
MARC
| LEADER | 00000nam$a2200000$$$4500 | ||
|---|---|---|---|
| 001 | 0070858 | ||
| 005 | 20240315115507.5 | ||
| 020 | |a 978-1-58906-663-2 | ||
| 041 | 0 | |a eng | |
| 044 | |a US | ||
| 245 | 1 | 0 | |a International Monetary Fund |b annual report 2007 |
| 264 | 1 | |a Washington |b International Monetary Fund |c 2007 | |
| 300 | |a 72 s. |e 1 CD-ROM | ||
| 610 | 2 | 0 | |a organizácie ekonomické medzinárodné |
| 610 | 2 | 0 | |a Medzinárodný menový fond |
| 610 | 2 | 0 | |a politika hospodárska medzinárodná |
| 610 | 2 | 0 | |a pomoc medzinárodná |
| 610 | 2 | 0 | |a pomoc hospodárska |
| 610 | 2 | 0 | |a 2007 |